000 00879cad a22001935a 4500
001 L154241
008 111107s2011 xxk f 000 0 eng d
035 _a(Sirsi) u154241
041 0 _aeng
110 2 _aBritish Standards Institution
_9130
245 0 0 _aConstruction Products Regulation (CPR)
_h[electronic resource]
260 _aLondon
_bBSI
_c[2011]
520 _aLooks at the CPR which replaces the Construction Products Directive (CPD).
651 4 _aEurope
690 _aBuilding regulations
_96224
690 _aBUILT ENVIRONMENT-CONSTRUCTION MARKET
856 4 0 _uhttps://www.bsigroup.com/en/ProductServices/About-CE-Marking/EU-directives/Construction-Products-Directive-89106EC/?utm_source=BUILDK-NA&utm_medium=et_mail&utm_content=2481902&utm_campaign=BUILDK-NA_20_October_2011&utm_term=Ready+for+
_zView this item free of charge at www.bsigroup.com
942 _n0
999 _c112896
_d112896